Score 0/20 Timer 06:00
2 Plays Today
Group Missing Item % Correct
Phone-a-Friend, 50/50Ask the Audience
82%
Jupiter, Saturn, NeptuneUranus
77.4%
Legislative, ExecutiveJudicial
75.1%
Mark, Luke, JohnMatthew
70.1%
Leonardo, Michelangelo, RaphaelDonatello
63.6%
Sneezy, Dopey, Sleepy, Happy, Doc, GrumpyBashful
62.1%
Brooklyn, Manhattan, The Bronx, Staten IslandQueens
60.4%
George Washington, Thomas Jefferson, Abraham LincolnTheodore Roosevelt
58.5%
Fred, Velma, Shaggy, Scooby-DooDaphne
57.2%
Envy, gluttony, greed, pride, sloth, wrathLust
49.7%
Group Missing Item % Correct
Partridge, doves, hens, birds, rings, geese, swans, maids, ladies, pipers, drummersLords (lords-a-leaping)
49.5%
Gilligan, Skipper, Professor, Mr. Howell, Mrs. Howell, Mary AnnGinger
46.8%
Fred, Lucy, RickyEthel
45.8%
Nationals, Football Team, CapitalsWizards
45.4%
Parietal, occipital, temporalFrontal
32.7%
Archie, Jughead, Veronica, ReggieBetty
29.8%
Justin, JC, Lance, ChrisJoey Fatone
29.3%
Jo, Beth, AmyMeg
22.8%
Atlantis, Challenger, Columbia, EndeavourDiscovery
16.9%
Jack, Johnny, Jay, Conan, JimmySteve Allen
11.5%
Remove Ads.
Support Sporcle.
Get the best of Sporcle when you Go Orange. This ad-free experience offers more features, more stats, and more fun while also helping to support Sporcle. Thank you for becoming a member.

You're not logged in!

Compare scores with friends on all Sporcle quizzes.
OR
Log In

Show Comments

Extras

Top Quizzes Today


Score Distribution

Your Account Isn't Verified!

In order to create a playlist on Sporcle, you need to verify the email address you used during registration. Go to your Sporcle Settings to finish the process.

Report this User

Report this user for behavior that violates our Community Guidelines.

Details: